| 000 | 00444nam a22001457a 4500 | ||
|---|---|---|---|
| 020 | _a978-1-444-96712-8 | ||
| 082 |
_a823 _bBLY/M |
||
| 100 | _aBLYTON, ENID | ||
| 245 | _aTHE FAMOUS FIVE ADVENTURES: THE MYSTERIOUS NOISE | ||
| 246 |
_aTHE FAMOUS FIVE ADVENTURES: THE MYSTERIOUS NOISE _bTHE FAMOUS FIVE ADVENTURES: THE MYSTERIOUS NOISE |
||
| 260 |
_aU K _bHODDER CHILDRENS BOOKS _c2023 |
||
| 300 | _a74 | ||
| 650 | _aENGLISH STORIES | ||
| 942 | _cBK | ||
| 999 |
_c8748 _d8748 |
||